000
00515nam a2200181Ia 4500
008
090123s9999 xx 000 0 und d
082
_b
20866
100
_a
सप्रे मधुवंती
245
_a
समाजऋण
250
_a
1
260
_b
मेहता प्रकाशन
_c
1992
300
_a
84
600
_a
सप्रे मधुवंती
630
_a
समाजऋण
700
_a
सप्रे मधुवंती
730
_a
समाजऋण
942
_c
BOOK
999
_c
58938
_d
58938